Cómo se gestan los volcanes? /
Guardado en:
| Autor Corporativo: | |
|---|---|
| Formato: | |
| Series: | Cómo, por qué, para qué?
|
| Materias: | |
| Etiquetas: |
Agregar Etiqueta
Sin Etiquetas, Sea el primero en etiquetar este registro!
|
| LEADER | 01032ngm a22003015g 4500 | ||
|---|---|---|---|
| 001 | CEM.cems021785 | ||
| 008 | 130507b1993##################0###0#####d | ||
| 005 | 20240910171317.0 | ||
| 245 | 1 | 0 | |a Cómo se gestan los volcanes? / |c Videoteca CEA. |
| 300 | |a 10 | ||
| 490 | 0 | |a Cómo, por qué, para qué? | |
| 500 | |a En soporte VHS, consultar en ventanilla. | ||
| 505 | 0 | |a Influencias volcánicas sobre la tierra. Fragmentación de las rocas. Agentes atmosféricos. Roca magmática. Paisajes volcánicos. Bosques de piedra. Distintos volcanes. | |
| 538 | |a Soporte: VHS - Norma: Pal N - Color - Grabación DRD 1993 - Hitachi=5525 | ||
| 110 | 2 | |a Videoteca CEA. | |
| 082 | 9 | 1 | |/ CEA |
| 653 | |a GEOGRAFIA | ||
| 653 | |a VOLCANES | ||
| 653 | |a GEOLOGIA | ||
| 653 | |a MAGMA | ||
| 653 | |a BOSQUES PETRIFICADOS | ||
| 653 | |a ROCAS | ||
| 653 | |a CLIMATOLOGIA | ||
| 653 | |a CLIMA | ||
| 653 | |a BOSQUES | ||
| 653 | |a NIVEL PRIMARIO | ||
| 653 | |a NIVEL SECUNDARIO | ||
| 859 | |a CEMS |b BIB. CEMS - Depto. Recursos Didacticos |h 910 |i CEA |k DRD |p 428.12 |t Ej.1 | ||
